000 00573nam a2200241Ia 4500
003 OSt
005 20221005131238.0
006 a|||||r|||| 00| 0
007 ta
008 221004b |||||||| |||| 00| 0 eng d
024 _a61658
037 _cTextual
040 _aCRL
_cCRL
_beng
041 _2eng
_aeng
082 _aR68:6, J1
100 _aDiwan Chand
245 0 _aShort studies in the Bhagavadgita
260 _c1951
300 _avp
_ccm.
650 _aPHILOSOPHY
942 _hR68:6, J1
_cTEXL
_2cc
999 _c1059741
_d1059741